| 000 | 00347cam a22001097a 4500 | ||
|---|---|---|---|
| 008 | 180718b1962 xxu||||| |||| 00| 0 eng d | ||
| 082 | _aU6x54 P212 | ||
| 245 | _aThe industrial managment pool: an administrative experiment | ||
| 260 |
_aNew Delhi _bIndian Institute of Public Administration _c1962 |
||
| 300 | _a127p. | ||
| 650 | _aIndustrial management | ||
| 999 |
_c501026 _d501026 |
||